Studies in economics of apple orcharding. 4., Spray management /

Hlavní autor: Woodworth, H. C.
Další autoři: Rawlings, Cecil O.
Jazyk: Angličtina
Vydáno: Durham : New Hampshire Agricult. Exper. Station, 1945
Edice: Bulletin ; 361
Témata:
Fyzický popis: 31 s.
Knihy
Uloženo v:
LEADER 01331nam a22003852a 4500
001 001633655
003 CZ BrMZK
005 20180907104750.0
007 ta
008 180612s1945 xxu fr|||||||||||eng d
040 |a BOA001  |b cze  |e aacr2 
072 7 |a 634  |x Ovocnářství  |2 Konspekt  |9 24 
080 |a 634.11  |2 MRF 
080 |a 634.1.047  |2 MRF 
080 |a 634.1/.8  |2 MRF 
080 |a 33  |2 MRF 
080 |a 632.934  |2 MRF 
080 |a (048.8)  |2 MRF 
100 1 |a Woodworth, H. C.  |4 aut 
245 1 0 |a Studies in economics of apple orcharding.  |n 4.,  |p Spray management /  |c H.C. Woodworth and Cecil O. Rawlings 
246 3 0 |a Spray management 
260 |a Durham :  |b New Hampshire Agricult. Exper. Station,  |c 1945 
300 |a 31 s. 
490 1 |a Bulletin ;  |v 361 
650 0 7 |a jabloně  |7 ph121263  |2 czenas 
650 0 7 |a ovocné sady  |x ekonomické aspekty  |7 ph123877  |2 czenas 
650 0 7 |a ovocnářství  |x ekonomické aspekty  |7 ph115631  |2 czenas 
650 0 7 |a chemická ochrana rostlin  |7 ph153411  |2 czenas 
655 7 |a studie  |7 fd133597  |2 czenas 
700 1 |a Rawlings, Cecil O.  |4 aut 
810 2 |a Agricultural Experiment Station of the New Hampshire.  |t Bulletin 
910 |a BOA001  |b X-0525.220,4 
990 |a BK 
991 |b 201806 
996 7 |b 2618942234  |c X-0525.220,4  |l MZK  |r Sklad / do 24 hodin  |n 0  |w 001669605  |u 000010  |a 1  |e BOA001  |j MZK50  |s A